Catálogo
 En Linea

Exposición organizada por el Instituto de Cooperación Iberoamericana de Madrid. (Registro nro. 29894)

Detalles MARC
000 -CABECERA
campo de control de longitud fija 00500nam a2200145 a 4500
001 - NÚMERO DE CONTROL
campo de control 000030402
005 - FECHA Y HORA DE LA ÚLTIMA TRANSACCIÓN
campo de control 20200930062308.0
008 - DATOS DE LONGITUD FIJA--INFORMACIÓN GENERAL
campo de control de longitud fija 110517s1981 000 spa d
040 ## - FUENTE DE LA CATALOGACIÓN
Centro catalogador/agencia de origen DO-SdBNP
Lengua de catalogación spa
Centro/agencia transcriptor BNPHU
049 ## - FONDOS LOCALES (OCLC)
Fondos de biblioteca BNPD
245 00 - MENCIÓN DE TÍTULO
Título Exposición organizada por el Instituto de Cooperación Iberoamericana de Madrid.
246 14 - FORMA VARIANTE DE TÍTULO
Título propio/Titulo breve El paisaje de España rural y urbano visto por sus pintores /
260 ## - PUBLICACIÓN, DISTRIBUCIÓN, ETC.
Lugar de publicación, distribución, etc. Santo Domingo :
Nombre del editor, distribuidor, etc. Galería de Arte Moderno,
Fecha de publicación, distribución, etc. 1981.
300 ## - DESCRIPCIÓN FÍSICA
Extensión [12] p. :
Otras características físicas il. ;
Dimensiones 22 cm.
Existencias
Estado de retiro Estado de pérdida Restricciones de uso No para préstamo Código de colección Localización permanente Ubicación/localización actual Ubicación en estantería Fecha de adquisición Número de inventario Total de préstamos Signatura topográfica completa Código de barras Fecha visto por última vez Precio válido a partir de Tipo de ítem Koha
      Excluido de préstamo Monografías: Libros y Folletos Patrimonio Dominicano Patrimonio Dominicano En catalogación 17.05.2011 LF1   30402-10 25.06.2020 25.06.2020 No se presta

Con tecnología Koha